| 000 | 00937nam a2200229Ia 4500 | ||
|---|---|---|---|
| 003 | IN-BaIIA | ||
| 008 | 211028s9999 xx 000 0 eng d | ||
| 040 | _cIIA Library | ||
| 080 |
_a523.947 _bPOL |
||
| 111 |
_aWorkshop on Coronal and Prominence Plasmas _cMaryland _d1985 Apr. 9-11 and 1986 Apr. 8-10 _918942 |
||
| 245 | 0 |
_aCoronal and prominence plasmas _bproceedings of a workshops held at Goddard space flight center, April 9-11, 1985, and April 8-10 1986 _cedited by A. I. Poland |
|
| 260 |
_aWashington _bNational Aeronautics and Space Administration _c1986 |
||
| 300 | _avi,479p. | ||
| 490 | _aNASA Report No. NASA-CP-2442 | ||
| 650 | _aAstronomy and Astrophysics Thesaurus | ||
| 650 |
_aCorona _98341 |
||
| 650 |
_aPlasma Physics _93732 |
||
| 650 | _aSolar Physics | ||
| 700 |
_aPoland, A. I., ed. _918943 |
||
| 710 |
_aNational Aeronautics and Space Administration _94960 |
||
| 942 | _cBK | ||
| 999 |
_c11053 _d11053 |
||